书目信息 |
| 题名: |
邓小平文选
|
|
| 作者: | 邓小平 著 | |
| 分册: | ||
| 出版信息: | 北京 人民出版社 1983.07 |
|
| 页数: | 393页 | |
| 开本: | 24cm | |
| 丛书名: | ||
| 单 册: | ||
| 中图分类: | D2 | |
| 科图分类: | ||
| 主题词: | ||
| 电子资源: | ||
| ISBN: | ||
| 000 | 00507nam0 2200169 450 | |
| 001 | 202410222729966250 | |
| 005 | 20241022161259.28 | |
| 010 | @d¥1.00 | |
| 100 | @a20241022d km y0chiy0120 ea | |
| 101 | 0 | @achi |
| 200 | 1 | @a邓小平文选@ADeng Xiao Ping Wen Xuan@f邓小平著@FDeng Xiao Ping Zhu |
| 210 | @a北京@c人民出版社@d1983.07 | |
| 215 | @a393页@d24cm | |
| 690 | @aD2@v4 | |
| 701 | 0 | @a邓小平@ADeng Xiao Ping@4著 |
| 801 | 0 | @aCN@b大连网信软件有限公司图书馆·11@c20241022 |
| 905 | @aZUCC@b7512357@dD2@e288:1=2@f1 | |
| 邓小平文选/邓小平著.-北京:人民出版社,1983.07 |
| 393页;24cm |
| ISBN :¥1.00 |
| ● |
| 相关链接 |
|
|
|
|
正题名:邓小平文选
索取号:D2/288:1=2
 
预约/预借
| 序号 | 登录号 | 条形码 | 馆藏地/架位号 | 状态 | 备注 |
| 1 | 0259781 | 002050194 | 第一样本阅览室/ [索取号:D2/288:1=2] | 在馆 | |
| 2 | 0259782 | 002031401 | 第一借阅区/ [索取号:D2/288:1=2] | 在馆 | |
| 3 | 7512357 | 275123572 | 密集书库-史法系/ [索取号:D2/288:1=2] | 在馆 |